Observar las situaciones educativas

Guardat en:
Dades bibliogràfiques
Autors principals: Postic, Marcel (Autor), De Ketele, J. M (Autor)
Format: Llibre
Idioma:espanyol
Publicat: Madrid Narcea 1992
Col·lecció:Educacion Hoy
Matèries:
Etiquetes: Afegir etiqueta
Sense etiquetes, Sigues el primer a etiquetar aquest registre!

MARC

LEADER 00000nam a2200000 a 4500
001 UCR6889
003 CL-VaPUC
008 980424e19920000SP |||||||||||||||||spa|d
020 |a 8427709951 
082 0 4 |a 371.262  |b POS  |2 21 
100 0 |a Postic, Marcel  |e author  |9 408082 
700 0 |a De Ketele, J. M  |e author  |9 408083 
245 1 0 |a Observar las situaciones educativas 
300 |a 263 p 
942 |c BK 
945 |d 19980424 00:00:00  |a rbrito 
260 |a Madrid  |b Narcea  |c 1992 
650 0 |a Evaluación de la educación   |9 237505 
650 0 |a Investigación educacional   |9 261192 
650 0 |a Rol del docente  |9 329733 
650 0 |a Métodos de investigación   |9 262618 
583 |a last modification  |c 20130924 09:37:02  |k Rodrigo Vera 
490 0 |a Educacion Hoy 
999 |c 268782  |d 268780 
952 |0 0  |1 0  |4 0  |6 371_262000000000000_POS_1992  |7 0  |8 A  |9 302124  |a BIBEDU  |b BIBEDU  |d 2019-11-20  |i 3420051  |o 371.262 POS 1992  |p 3420051  |r 2019-11-20  |w 2019-11-20  |y BK  |k BME 
952 |0 0  |1 0  |4 0  |6 371_262000000000000_POS_1992  |7 0  |8 A  |9 302125  |a BIBEDU  |b BIBEDU  |d 2019-11-20  |i 4224825  |o 371.262 POS 1992  |p 4224825  |r 2019-11-20  |w 2019-11-20  |y BK  |k EDU